Statistics for Towns beginning with G: guess the country

Click here to take the quiz!

General Stats

  • This quiz has been taken 18 times
  • The average score is 12 of 20

Answer Stats

QuestionAnswer% Correct
GloucesterUK
100%
GaboroneBotswana
94%
Garden GroveUSA
88%
Gómez PalacioMexico
82%
GwangjuSouth Korea
82%
GyorHungary
76%
GujranwalaPakistan
76%
Gbado-LiteD.R. Congo
71%
General SantosPhilippines
65%
GuarulhosBrazil
59%
GorakhpurIndia
59%
GifuJapan
59%
GyumriArmenia
53%
GomelBelarus
53%
Guarenas-GuatireVenezuela
47%
GarouaCameroon
41%
GarooweSomalia
41%
GondarEthiopia
29%
GanjaAzerbaijan
24%
GalațiRomania
24%

Score Distribution

Percentile by Number Answered

Percent of People with Each Score

Your Score History

You have not taken this quiz